[Event "Stuttgart"]
[Site "?"]
[Date "2003.04.22"]
[Round "1"]
[White "Geiger Jonathan"]
[Black "Vielwock Vadim"]
[Result "0-1"]
[WhiteElo "1674"]
[BlackElo "2078"]
[PlyCount "90"]
[EventDate "2003.??.??"]
[Source "www.chesslib.no"]
[SourceDate "2004.05.04"]

1. e4 e6 2. d4 d5 3. Nc3 Nf6 4. Bg5 Be7 5. e5 Nfd7 6. Bxe7 Qxe7 7. Qd2 c5 8. Nb5 O-O 9. Nc7 f6 10. Nxa8 Nc6 11. c3 fxe5 12. dxc5 Nxc5 13. f3 e4 14. b4 exf3 15. gxf3 Ne4 16. Qe3 Qh4+ 17. Ke2 Nd6 18. Rd1 Nc4 19. Qf2 Qf6 20. Qe1 N6e5 21. Qg3 Qh6 22. Kf2 Qe3+ 23. Kg2 Ng6 24. Bxc4 dxc4 25. Qe1 Qf4 26. Rd4 Qb8 27. Qd2 e5 28. Rxc4 Be6 29. Re4 Qxa8 30. h4 b5 31. Re3 Bd5 32. h5 Nf4+ 33. Kf2 e4 34. Kg3 exf3 35. Qf2 Ne2+ 36. Kh2 Qb8+ 37. Kh3 Qc8+ 38. Kh2 Qc7+ 39. Kh3 Qd7+ 40. Kh2 Qd6+ 41. Kh3 Be6+ 42. Rxe6 Qxe6+ 43. Kh2 Qe5+ 44. Kh3 Nf4+ 45. Kg4 Qf5+ 0-1

[Event "Corr"]
[Site "?"]
[Date "2000.10.01"]
[Round "?"]
[White "Granz Burkhard"]
[Black "Munk Poul N"]
[Result "1/2-1/2"]
[WhiteElo "1982"]
[BlackElo "1754"]
[PlyCount "81"]
[EventDate "2000.??.??"]
[Source "www.chesslib.no"]
[SourceDate "2004.05.04"]

1. e4 e6 2. d4 d5 3. Nc3 Nf6 4. Bg5 Be7 5. e5 Nfd7 6. Bxe7 Qxe7 7. Qd2 O-O 8. Nb5 a6 9. Nc3 c5 10. f4 cxd4 11. Qxd4 Nc6 12. Qd2 f6 13. exf6 Nxf6 14. O-O-O d4 15. Nce2 Ne4 16. Qe1 Qc5 17. Nxd4 Nxd4 18. Qxe4 Rxf4 19. Qd3 e5 20. Qc4+ Qxc4 21. Bxc4+ Kf8 22. Ne2 Nxe2+ 23. Bxe2 Bg4 24. Bxg4 Rxg4 25. g3 Re8 26. Rhe1 Rg5 27. Re4 Rf5 28. c4 Kf7 29. Rd2 g5 30. c5 Rf1+ 31. Kc2 Re7 32. b4 h5 33. Ree2 e4 34. Rd6 a5 35. Rd4 axb4 36. Rdxe4 Rxe4 37. Rxe4 Rf5 38. Rxb4 Rxc5+ 39. Kd3 b5 40. g4 hxg4 41. Rxg4 1/2-1/2

[Event "Ch Bulgaria (open) (w)"]
[Site "Vratza (Bulgaria)"]
[Date "2007.07.30"]
[Round "7"]
[White "Sirkova Darena"]
[Black "Petkova Veneta (BUL)"]
[Result "0-1"]
[WhiteElo "1732"]
[BlackElo "1966"]
[PlyCount "78"]
[EventDate "2007.??.??"]
[Source "www.chesslib.no"]
[SourceDate "2004.05.04"]

1. e4 e6 2. d4 d5 3. Nc3 Nf6 4. Bg5 Be7 5. e5 Nfd7 6. Bxe7 Qxe7 7. Qd2 a6 8. Nd1 c5 9. c3 Nc6 10. f4 cxd4 11. cxd4 Qb4 12. Qxb4 Nxb4 13. Ne3 Nb6 14. b3 Bd7 15. a3 Nc6 16. Nf3 Rc8 17. Kd2 Na5 18. Rb1 O-O 19. Bd3 Rc7 20. f5 Rfc8 21. fxe6 fxe6 22. Rhf1 h6 23. Nh4 Bb5 24. Bxb5 axb5 25. Rf3 Rc3 26. b4 Nb3+ 27. Kd1 Nxd4 28. Rg3 Rd3+ 29. Ke1 Rxe3+ 30. Rxe3 Nc2+ 31. Kd2 Nxe3 32. Kxe3 Rc3+ 33. Kf2 Rxa3 34. Nf3 Nc4 35. Nd4 Ra2+ 36. Kg1 Kf7 37. Nxb5 Ke7 38. Rc1 Rb2 39. Nd6 Rxb4 0-1

[Event "Ch (Women U18) Leba POL"]
[Site "?"]
[Date "2006.03.31"]
[Round "9.11"]
[White "Szerszen Joanna"]
[Black "Tyda Beata"]
[Result "1-0"]
[WhiteElo "1800"]
[BlackElo "1895"]
[PlyCount "73"]
[EventDate "2006.??.??"]
[Source "www.chesslib.no"]
[SourceDate "2004.05.04"]

1. e4 e6 2. d4 d5 3. Nc3 Nf6 4. Bg5 Be7 5. e5 Nfd7 6. Bxe7 Qxe7 7. Qd2 c5 8. Nb5 Na6 9. Nd6+ Kf8 10. c3 cxd4 11. cxd4 Nb6 12. f4 Rb8 13. Nf3 h6 14. Bd3 Bd7 15. O-O Nc8 16. Nxc8 Rxc8 17. Bxa6 bxa6 18. Rac1 g6 19. Qa5 Rxc1 20. Rxc1 Bb5 21. Qc7 Qxc7 22. Rxc7 Kg7 23. Kf2 Ra8 24. b4 Bc4 25. a3 Rb8 26. Nd2 Bb5 27. Nb3 Ra8 28. Nc5 Kf8 29. Ke3 Kg7 30. Nxe6+ Kg8 31. Nc5 Kf8 32. h4 Kg8 33. g4 Kf8 34. f5 g5 35. hxg5 hxg5 36. e6 fxe6 37. Nxe6+ 1-0

[Event "Uckley (18.09.-22.09)"]
[Site "?"]
[Date "1995.09.20"]
[Round "4.7"]
[White "Nietsch Horst"]
[Black "Seeger Helmut[31Ludwigsf"]
[Result "1-0"]
[WhiteElo "1939"]
[BlackElo "1739"]
[PlyCount "42"]
[EventDate "1995.??.??"]
[Source "www.chesslib.no"]
[SourceDate "2004.05.04"]

1. e4 e6 2. d4 d5 3. Nc3 Nf6 4. Bg5 Be7 5. e5 Nfd7 6. Bxe7 Qxe7 7. Qd2 c5 8. Nb5 Qd8 9. Nd6+ Kf8 10. Qf4 f5 11. Nf3 h6 12. h4 Nc6 13. Bd3 Qe7 14. g4 g6 15. gxf5 exf5 16. Bxf5 gxf5 17. Qxf5+ Nf6 18. Nxc8 Qd8 19. Nd6 Nxd4 20. Nxd4 cxd4 21. O-O-O Rb8 1-0

[Event "Landesliga West2 0102"]
[Site "?"]
[Date "2002.01.20"]
[Round "4.1"]
[White "Prueter Reinhard"]
[Black "Hopp Peter"]
[Result "0-1"]
[WhiteElo "1665"]
[BlackElo "1770"]
[PlyCount "64"]
[EventDate "2002.??.??"]
[Source "www.chesslib.no"]
[SourceDate "2004.05.04"]

1. e4 e6 2. d4 d5 3. Nc3 Nf6 4. Bg5 Be7 5. e5 Nfd7 6. Bxe7 Qxe7 7. Qd2 a6 8. f4 c5 9. Nf3 Nc6 10. Ne2 O-O 11. c3 f6 12. Ng3 b5 13. Bd3 cxd4 14. cxd4 Qb4 15. Qxb4 Nxb4 16. Bb1 fxe5 17. fxe5 Nb6 18. O-O Bd7 19. a3 Nc6 20. b3 Rac8 21. Bd3 Na5 22. b4 Nb3 23. Ra2 Nc1 24. Bxh7+ Kxh7 25. Raf2 Nd3 26. Ng5+ Kg8 27. Rf7 Rxf7 28. Nxf7 Rc1 29. Rxc1 Nxc1 30. Nd6 Nb3 31. Ne2 Nd2 32. h4 Ndc4 0-1

[Event "MVS Bezirks-ch"]
[Site "?"]
[Date "2001.11.25"]
[Round "6"]
[White "Joeckel Thomas"]
[Black "Schnarr Steffen"]
[Result "1/2-1/2"]
[WhiteElo "1603"]
[BlackElo "1669"]
[PlyCount "36"]
[EventDate "2001.??.??"]
[Source "www.chesslib.no"]
[SourceDate "2004.05.04"]

1. e4 e6 2. d4 d5 3. Nc3 Nf6 4. Bg5 Be7 5. e5 Nfd7 6. Bxe7 Qxe7 7. Qd2 a6 8. f4 c5 9. Nf3 Nc6 10. Be2 b5 11. a3 Bb7 12. O-O O-O 13. Rfd1 Nb6 14. Qe3 cxd4 15. Nxd4 Nc4 16. Bxc4 bxc4 17. Nxc6 Bxc6 18. b3 cxb3 1/2-1/2

[Event "Landesliga Ost2 0102"]
[Site "?"]
[Date "2002.02.03"]
[Round "5.6"]
[White "Vogel Wolfgang"]
[Black "Radloff Arno"]
[Result "1/2-1/2"]
[WhiteElo "1630"]
[BlackElo "1356"]
[PlyCount "70"]
[EventDate "2002.??.??"]
[Source "www.chesslib.no"]
[SourceDate "2004.05.04"]

1. e4 e6 2. d4 d5 3. Nc3 Nf6 4. Bg5 Be7 5. e5 Nfd7 6. Bxe7 Qxe7 7. Qd2 a6 8. f4 c5 9. Nf3 Nc6 10. O-O-O cxd4 11. Nxd4 Nxd4 12. Qxd4 Qc5 13. Be2 Qxd4 14. Rxd4 O-O 15. g4 f6 16. exf6 Nxf6 17. Rf1 Bd7 18. g5 Ne8 19. h4 Nd6 20. Bd3 Nf5 21. Bxf5 Rxf5 22. Kd2 Kf7 23. Ne4 Ke7 24. Ng3 Rf7 25. Ke3 Raf8 26. Nh5 Kd6 27. c4 Bc6 28. b4 e5 29. fxe5+ Kxe5 30. Rxf7 Rxf7 31. Nf4 dxc4 32. Rxc4 Rd7 33. Nd3+ Kd6 34. Rd4+ Kc7 35. Rxd7+ Bxd7 1/2-1/2

[Event "Corr"]
[Site "?"]
[Date "2000.??.??"]
[Round "?"]
[White "Horobik Randal W"]
[Black "Chester Ian"]
[Result "0-1"]
[WhiteElo "1785"]
[BlackElo "1157"]
[PlyCount "48"]
[EventDate "2000.??.??"]
[Source "www.chesslib.no"]
[SourceDate "2004.05.04"]

1. e4 e6 2. d4 d5 3. Nc3 Nf6 4. Bg5 Be7 5. e5 Nfd7 6. Bxe7 Qxe7 7. Qd2 O-O 8. f4 c5 9. Nf3 cxd4 10. Nxd4 Nc6 11. O-O-O Qb4 12. g4 Nxd4 13. Qxd4 Qxd4 14. Rxd4 f6 15. exf6 Nxf6 16. h3 Bd7 17. Bd3 Rf7 18. Re1 Raf8 19. f5 exf5 20. Nxd5 Nxd5 21. Rxd5 fxg4 22. hxg4 Bc6 23. Ra5 Rf4 24. g5 a6 0-1

[Event "Corr"]
[Site "?"]
[Date "2003.01.13"]
[Round "?"]
[White "Ringbom Pasi"]
[Black "Johnson Bernie"]
[Result "0-1"]
[WhiteElo "1426"]
[BlackElo "1448"]
[PlyCount "62"]
[EventDate "2003.??.??"]
[Source "www.chesslib.no"]
[SourceDate "2004.05.04"]

1. e4 e6 2. d4 d5 3. Nc3 Nf6 4. Bg5 Be7 5. e5 Nfd7 6. Bxe7 Qxe7 7. Qd2 O-O 8. f4 c5 9. Nf3 f6 10. exf6 Qxf6 11. O-O-O Qxf4 12. Nb5 Qxd2+ 13. Rxd2 Na6 14. Nd6 Nc7 15. dxc5 Nxc5 16. Ne5 b6 17. Nxc8 Rfxc8 18. Be2 Ne4 19. Nc6 Nxd2 20. Ne7+ Kf8 21. Nxc8 Ne4 22. Rf1+ Ke8 23. Bd3 Rxc8 24. Bxe4 dxe4 25. Re1 Ke7 26. Rxe4 Rf8 27. a4 Rf1+ 28. Kd2 Nd5 29. c3 Rb1 30. b4 Rb2+ 31. Kd3 Rxg2 0-1

[Event "Corr"]
[Site "?"]
[Date "2001.07.21"]
[Round "?"]
[White "Cherner Lyle"]
[Black "Costantini Mike"]
[Result "1/2-1/2"]
[WhiteElo "1553"]
[BlackElo "1231"]
[PlyCount "30"]
[EventDate "2001.??.??"]
[Source "www.chesslib.no"]
[SourceDate "2004.05.04"]

1. e4 e6 2. d4 d5 3. Nc3 Nf6 4. Bg5 Be7 5. e5 Nfd7 6. Bxe7 Qxe7 7. Qd2 a6 8. Nd1 c5 9. c3 Nc6 10. f4 O-O 11. Nf3 b5 12. Bd3 b4 13. O-O bxc3 14. bxc3 c4 15. Bc2 Rb8 1/2-1/2

[Event "Corr"]
[Site "?"]
[Date "2003.06.07"]
[Round "?"]
[White "Luniewski Miroslaw"]
[Black "Depasse Jean-Marc"]
[Result "0-1"]
[WhiteElo "1161"]
[BlackElo "1327"]
[PlyCount "114"]
[EventDate "2003.??.??"]
[Source "www.chesslib.no"]
[SourceDate "2004.05.04"]

1. e4 e6 2. d4 d5 3. Nc3 Nf6 4. Bg5 Be7 5. e5 Nfd7 6. Bxe7 Qxe7 7. Qd2 O-O 8. Nf3 c5 9. Bb5 Nc6 10. Bxc6 bxc6 11. O-O cxd4 12. Qxd4 Bb7 13. Rfe1 c5 14. Qf4 d4 15. Ne4 Rab8 16. b3 Bxe4 17. Qxe4 Nb6 18. b4 Nd5 19. bxc5 Qxc5 20. Nxd4 Rb2 21. a3 Nc3 22. Qe3 Nd5 23. Qd2 Rd8 24. Qg5 Rc8 25. Red1 Nc3 26. Rd3 Qxa3 27. Re1 h6 28. Qd2 Qc5 29. Nb3 Qc4 30. Rd4 Qb5 31. h3 a6 32. Rd8+ Rxd8 33. Qxd8+ Kh7 34. Qd2 Nd5 35. Rd1 Qc4 36. Nd4 Kg8 37. Qa5 Rb4 38. Kh2 Kh7 39. g3 Qc3 40. Qxa6 Rxd4 41. Rxd4 Qxd4 42. Qe2 Nc3 43. Qe3 Qxe3 44. fxe3 Ne4 45. c4 Kg6 46. g4 h5 47. Kg2 hxg4 48. hxg4 Kg5 49. Kf3 Nd2+ 50. Ke2 Nxc4 51. e4 Nxe5 52. Ke3 Kxg4 53. Kd4 Kf4 54. Kc5 g5 55. Kd4 g4 56. Kc5 g3 57. Kd4 g2 0-1